000 00531nam a2200181Ia 4500
003 GCL
008 140319s9999 xx 000 0 ara d
040 _aGCL /
_cGCL
082 0 4 _a210
_bم ه
100 1 _aمحمد متولى الشعراوى
245 1 0 _aهذا هو الاسلام /
_cمحمد متولى الشعراوى
260 _a[S.N] :
_bمكتبة التراث الاسلامى ،
_c1990
300 _a190
490 _a
650 0 4 _aالاسلام
650 0 4 _aالوسائل الادبية
942 _2ddc
_cBK
999 _c52851
_d52851